| Tag |
First Indicator |
Second Indicator |
Subfields |
| LEADER |
00000cam a2200000 a 4500 |
| 001 |
in00000092996 |
| 005 |
20150923173454.0 |
| 008 |
791210s1980 enk b 00110 engm |
| 010 |
|
|
|a 79041365
|
| 015 |
|
|
|a GB80
|
| 020 |
|
|
|a 0521228670 :
|c 915.00
|
| 035 |
|
|
|a (OCoLC)06085587
|
| 035 |
|
|
|9 AAK8017AM
|
| 040 |
|
|
|a DLC
|c DLC
|d m.c.
|d OCL
|d TXA
|d UtOrBLW
|
| 043 |
|
|
|a e-sp---
|a e-uk---
|a nwcu---
|
| 049 |
|
|
|a TXAM
|c [1443378]
|
| 050 |
0 |
0 |
|a HT1077
|b M87
|
| 082 |
0 |
|
|a 382/.44/097291
|
| 100 |
1 |
|
|a Murray, David R.
|
| 245 |
1 |
0 |
|a Odious commerce :
|b Britain, Spain, and the abolition of the Cuban slave trade /
|c David R. Murray.
|
| 264 |
|
1 |
|a Cambridge ;
|a New York :
|b Cambridge University Press,
|c 1980.
|
| 300 |
|
|
|a xi, 423 pages ;
|c 23 cm.
|
| 336 |
|
|
|a text
|b txt
|2 rdacontent
|
| 337 |
|
|
|a unmediated
|b n
|2 rdamedia
|
| 338 |
|
|
|a volume
|b nc
|2 rdacarrier
|
| 490 |
1 |
|
|a Cambridge Latin American studies ;
|v 37
|
| 500 |
|
|
|a Includes index.
|
| 504 |
|
|
|a Bibliography: pages [400]-413.
|
| 650 |
|
0 |
|a Slave trade
|z Cuba.
|
| 651 |
|
0 |
|a Great Britain
|x Foreign relations
|z Spain.
|
| 651 |
|
0 |
|a Spain
|x Foreign relations
|z Great Britain.
|
| 830 |
|
0 |
|a Cambridge Latin American studies ;
|v 37.
|
| 999 |
|
|
|a MARS
|
| 999 |
f |
f |
|s dce46f41-a1b1-3b95-9984-6d74ad4a3798
|i 4162639a-de24-3af0-8300-f385151cc136
|t 0
|
| 952 |
f |
f |
|p ric
|a Texas A&M University
|b Rellis Campus
|c Joint Library Facility
|d Remote Storage
|t 0
|e HT1077 M87
|h Library of Congress classification
|i unmediated -- volume
|m A14806013985
|
| 998 |
f |
f |
|a HT1077 M87
|t 0
|l Remote Storage
|